| 000 | 01170nam a22002177a 4500 | ||
|---|---|---|---|
| 003 | OSt | ||
| 005 | 20171219103405.0 | ||
| 008 | 150408b xxu||||| |||| 00| 0 eng d | ||
| 040 | _cBMC | ||
| 082 | _a658 | ||
| 100 | 1 |
_940298 _aValdivieso Rodríguez, Brenda Nathali |
|
| 245 | 1 | 0 |
_aPlan de marketing y publicidad para la Farmacia La Divina Providencia 2, con el fin de captar nuevos clientes y lograr posicionamiento en la Mente de los consumidores de la Ciudad de Chalchuapa, Santa Ana _b: Informe final de proyecto _cBrenda Nathali Valdivieso Rodríguez, Ruth Elena Marisol Padilla |
| 260 |
_aSanta Ana (El Salvador) _bUniversidad Católica de El Salvador _c2016 |
||
| 300 |
_a114 +[21] h. _bil. col _c28 cm _e+ 1 disco compacto |
||
| 500 | _aPrecede al tít.: Universidad Católica de El Salvador, Facultad de Ciencias Empresariales | ||
| 502 | _aTrabajo de graduación para optar al grado académico de Licenciatura en Mercadeo y Negocios Internacionales | ||
| 650 | 2 | 4 |
_93991 _aMarketing |
| 700 | 1 |
_940302 _aMirasol Padilla, Ruth Elena |
|
| 710 | 2 |
_91067 _aUniversidad Católica de El Salvador _bFacultad de Ciencias Empresariales |
|
| 942 |
_2ddc _cTG _hprozim |
||
| 999 |
_c26396 _d26396 |
||